000 00353nam a2200145Ia 4500
008 150201s2007 xx 000 0 und d
082 _a617.71
_bD07M
100 _aLOGAN, TURNER
245 _aDISEASES OF THE NOSE THROAT AND EAR
250 _a10TH
260 _bJAYPEE BROTHERS
_aDELHI
_c2007
300 _a1-456
650 _aE.N.T.
942 _2ddc
_cBK
_02
999 _c124
_d124